[Event "Ramat Gan Winter op"]
[Site "Ramat Gan"]
[Date "2023.01.07"]
[Round "2"]
[White "Sherman, Reem"]
[Black "Bercovici, Yaniv"]
[Result "1-0"]
[WhiteElo "2249"]
[BlackElo "1617"]
[PlyCount "81"]
[EventDate "2023.01.07"]
[EventType "swiss (rapid)"]
[EventRounds "6"]
[EventCountry "ISR"]
[SourceTitle "CBM 212 Extra"]
[Source "ChessBase"]
[SourceDate "2023.03.31"]
[SourceVersion "1"]
[SourceVersionDate "2023.03.31"]
[SourceQuality "1"]

1. e4 c5 2. Nf3 d6 3. d4 cxd4 4. Nxd4 Nf6 5. Nc3 a6 6. Bg5 e6 7. f4 h6 8. Bh4 Be7 9. Qf3 Qc7 10. 0-0-0 Nbd7 11. Bd3 g5 12. fxg5 Ne5 13. Qe2 hxg5 14. Bxg5 b5 15. Rhf1 Nfg4 16. Bxe7 Qxe7 17. h3 Qg5+ 18. Rd2 Ne3 19. Nf3 Qh6 20. Re1 N5c4 21. b3 Nxd2 22. Nxd2 Qg7 23. Qxe3 Bd7 24. Ncb1 Ke7 25. g4 a5 26. e5 Qxe5 27. Qxe5 dxe5 28. Rxe5 Rxh3 29. Bxb5 Bxb5 30. Rxb5 Rg3 31. g5 a4 32. Kb2 Rg8 33. Ne4 Re3 34. Nbc3 axb3 35. cxb3 Rh8 36. Rb7+ Kf8 37. Rb8+ Kg7 38. Rxh8 Kxh8 39. a4 Kg7 40. a5 Rd3 41. b4 1-0

[Event "ISR-chT U14"]
[Site "Afula"]
[Date "2022.08.23"]
[Round "6"]
[White "Mond, Omri"]
[Black "Bercovici, Yaniv"]
[Result "1/2-1/2"]
[WhiteElo "1599"]
[BlackElo "1548"]
[PlyCount "43"]
[EventDate "2022.08.21"]
[EventType "team-tourn"]
[EventRounds "9"]
[EventCountry "ISR"]
[SourceTitle "CBM 210 Extra"]
[Source "ChessBase"]
[SourceDate "2022.11.30"]
[SourceVersion "1"]
[SourceVersionDate "2022.11.30"]
[SourceQuality "1"]

1. e4 c5 2. c3 Nf6 3. e5 Nd5 4. d4 cxd4 5. Nf3 d6 6. Bc4 Nb6 7. Bb3 dxe5 8. Nxe5 e6 9. 0-0 Be7 10. cxd4 0-0 11. Bc2 N8d7 12. Nc3 Nxe5 13. dxe5 Qc7 14. Bf4 Rd8 15. Qe2 Bd7 16. Rac1 Bc6 17. Ne4 Nd5 18. Bg3 Qb6 19. Rfd1 Nb4 20. Nd6 Nxc2 21. Rxc2 Bxd6 22. exd6 1/2-1/2